| 000 | 01512cam a2200289 4500500 | ||
|---|---|---|---|
| 005 | 20251228073526.0 | ||
| 041 | _afre | ||
| 042 | _adc | ||
| 100 | 1 | 0 |
_aErmolieff, Anne _eauthor |
| 245 | 0 | 0 | _aPillow Book ou l'expression de deux fascinations sans limites : la chair et la calligraphie |
| 260 | _c2012. | ||
| 500 | _a67 | ||
| 520 | _aRésuméÀ chaque anniversaire de Nagiko, son père écrivait leurs noms sur le visage de sa fille. Écriture chinoise qui défile sur l’écran, passé/présent qui s’entremêlent, jeux de couleurs, le film Pillow Book de Peter Greenaway est une fête visuelle de la chair, du sexe, de la peau, des mots et de la calligraphie chinoise où vie et mort sont intriquées. | ||
| 520 | _aFor each birthday, Nagiko’s father would write their names on the face of his daughter. With Chinese writing unrolling on the screen, the past and present intermingling, the play with colors, Greenway’s film is a visual feast of flesh, sex, skin, Chinese words and calligraphy intertwining death and life. | ||
| 690 | _aCalligraphie à l'écran | ||
| 690 | _aCorps | ||
| 690 | _aFilm | ||
| 690 | _aIdéogrammes | ||
| 690 | _aJouissance | ||
| 690 | _a“Jouissance” | ||
| 690 | _aBody | ||
| 690 | _aCalligraphy on screen | ||
| 690 | _aFilm | ||
| 690 | _aIdeograms | ||
| 786 | 0 | _nSavoirs et clinique | 15 | 1 | 2012-04-01 | p. 151-156 | 1634-3298 | |
| 856 | 4 | 1 | _uhttps://shs.cairn.info/revue-savoirs-et-cliniques-2012-1-page-151?lang=fr&redirect-ssocas=7080 |
| 999 |
_c1595378 _d1595378 |
||